| 000 | 00860nam a2200265Ia 4500 | ||
|---|---|---|---|
| 003 | OSt | ||
| 005 | 20221005044800.0 | ||
| 006 | a|||||r|||| 00| 0 | ||
| 007 | ta | ||
| 008 | 221004b |||||||| |||| 00| 0 eng d | ||
| 020 |
_a8170339952 (hbk) _c595 |
||
| 024 | _a99412 | ||
| 037 |
_b070, 13/11/2009, Independent Publishers Group _cTextual |
||
| 040 |
_aCRL _cCRL _beng |
||
| 041 |
_2eng _aeng |
||
| 082 | _aW94:(Y7Q2)w, P6 | ||
| 100 |
_aKuruvachira J. _9557488 |
||
| 245 | 0 |
_aHindu nationalist of modern India _b Critical study of the intellectual genealogy of Hindutva |
|
| 260 |
_aJaipur _bRawat India _c2006 |
||
| 300 |
_axii,283p. _ccm. |
||
| 650 | _a HINDUISM | ||
| 650 | _aPOLITICAL SCIENCE | ||
| 942 |
_hW94:(Y7Q2)w, P6 _cTEXL _2cc |
||
| 999 |
_c953925 _d953925 |
||